[Event "ISR-chT 2020"]
[Site "Israel"]
[Date "2020.01.10"]
[Round "1.25"]
[White "Boruchovsky, Avital"]
[Black "Bagrationi, Alexander"]
[Result "1-0"]
[WhiteElo "2524"]
[BlackElo "2491"]
[Annotator "TA"]
[PlyCount "93"]
[EventDate "2020.01.10"]
[EventType "team-tourn"]
[EventCountry "ISR"]
[SourceTitle "playchess.com"]
[Source "ChessBase"]
[SourceQuality "1"]

{[%evp 24,93,112,113,117,120,120,118,172,170,232,113,198,193,191,181,202,195,197,202,197,199,200,202,193,186,186,186,246,249,244,239,262,273,239,268,262,262,253,238,462,445,665,538,658,625,710,576,687,688,733,722,715,714,1401,1392,1431,1431,1423,1416,1393,1201,1375,1335,1395,1364,1300,1362,1630,1108,977,719]} 1. Nf3 d5 2. g3 Nf6 3. Bg2 e6 4. O-O b6 5. d4 Bb7 6. c4 Nbd7 7. Nc3 Be7 8. Ne5 O-O 9. Qa4 Nxe5 10. dxe5 Nd7 11. cxd5 exd5 12. Nxd5 Nc5 13. Qd1 c6 {E18: Queen's Indian: Old Main Line (4 g3 Bb7 5 Bg2 Be7 6 0-0 0-0 7 Nc3)} 14. Nxe7+ (14. Nc3 Qc7 15. f4 Rad8 16. Qc2 Ne6 17. e3 Ba6 18. Re1 Bd3 19. Qf2 b5 20. f5 Ng5 21. h4 {0-1 (37) Berend,E (2332)-Tokhirjonova,G (2444) St Petersburg 2018}) 14... Qxe7 15. Qd6 Qxd6 (15... Rfe8 $16) 16. exd6 $18 Ba6 $146 (16... Ne6 {might work better.} 17. Rd1 Rad8) ({Predecessor:} 16... Rad8 17. b4 Ne6 18. Rd1 Ba6 19. Bxc6 Bxe2 20. Rd2 Bg4 21. Ba3 {1-0 (29) Sesar,I (2132)-Babic,D Banja Dvorovi 2018}) 17. Be3 (17. Bxc6 Bxe2 18. Bxa8 Bxf1) (17. b4 $18 {is more deadly.} Ne6 18. Rd1 (18. Bxc6 Bxe2 19. Bxa8 Rxa8 $16)) 17... Rad8 (17... Bxe2 $16 18. Rfe1 (18. Bxc6 Rad8 $14) 18... Bg4) 18. Bxc5 (18. Bxc6 $6 Bxe2 19. Rfe1 Rxd6 $14) 18... bxc5 19. Rfd1 Bxe2 {[#]} 20. Rd2 $1 {[%cal Rd2e2]} (20. Bxc6 Bxd1 21. Rxd1 Rb8 $14) 20... Rfe8 21. d7 ({Much less strong is} 21. Bxc6 Re6 $16) 21... Re6 22. Bh3 f5 23. Bxf5 Re5 24. Bxh7+ Kxh7 25. Re1 Rd5 (25... c4 $142 26. Rdxe2 (26. Rexe2 Rxd7 27. a3 Rd3 $16) 26... Rxe2 27. Rxe2 Rxd7) 26. Rexe2 R8xd7 {[%mdl 4096] Endgame KRR-KRR} 27. Rc2 R7d6 28. Re7 Rd2 29. Rxd2 Rxd2 30. Rxa7 Rxb2 {KR-KR} 31. Ra6 Rc2 $2 (31... g5 32. h3 (32. Rxc6 Rxa2 33. Rxc5 Kg6 $18) 32... c4 33. Rxc6 Rxa2 34. Rxc4 Kg7) 32. Rxc6 {White is clearly winning.} Kg8 (32... c4 $142 33. h4 c3) 33. a4 {[%cal Ba2a4,Ba4a5][%mdl 32]} Kf7 34. a5 c4 35. a6 Ra2 36. h4 c3 37. Rxc3 Rxa6 38. Kg2 Kg6 39. g4 Rb6 40. Kg3 Ra6 41. Rc8 Rb6 42. Rh8 Rb3+ 43. f3 Rb4 44. h5+ Kf6 45. h6 g5 46. h7 {Threatening mate with Re8.} Kg6 {[#]} 47. Rg8+ $1 {Accuracy: White = 85%, Black = 21%.} 1-0

[Event "ISR-chT 2020"]
[Site "Israel"]
[Date "2020.01.10"]
[Round "1.26"]
[White "Sivuk, Vitaly"]
[Black "Nabaty, Tamir"]
[Result "0-1"]
[WhiteElo "2579"]
[BlackElo "2644"]
[Annotator "TA"]
[PlyCount "142"]
[EventDate "2020.01.10"]
[EventType "team-tourn"]
[EventCountry "ISR"]
[SourceTitle "playchess.com"]
[Source "ChessBase"]
[SourceQuality "1"]

{[%evp 9,142,29,36,26,38,23,25,0,63,0,25,0,-9,-4,0,-20,-21,-22,-14,-22,-22,-24,-16,-12,-10,-13,-16,-35,-27,-36,0,-2,0,0,0,0,0,0,3,0,0,-17,-5,-12,0,0,0,0,0,-3,0,-13,0,-43,-36,-72,-72,-87,-87,-82,-82,-82,-82,-80,-79,-106,-104,-106,-103,-111,-111,-111,-106,-107,-107,-107,-106,-111,-106,-106,-106,-106,-88,-88,-88,-106,-88,-106,-106,-106,-106,-190,-190,-190,-190,-190,-111,-111,-111,-4133,-3285,-29968,-29969,-29969,-29970,-29970,-29971,-29971,-29972,-29972,-29973,-29975,-29976,-29976,-29977,-29977,-29978,-29978,-29979,-29979,-140,-29980,-29981,-29981,-29982,-29982,-29983,-29983,-29984,-29984,-29985,-29985,-29985,-29986,-29986]} 1. e4 e5 2. Nf3 Nc6 3. Bc4 Bc5 4. c3 Bb6 5. d3 h6 (5... Nf6 6. O-O d6 7. Nbd2 Ne7 8. Bb3 c6 9. Nc4 Bc7 10. Bg5 Ng6 11. Nh4 Nf4 12. Nf5 Bxf5 13. exf5 Qd7 14. Ne3 N4d5 15. Nxd5 Nxd5 16. Bxd5 cxd5 {0-1 (43) Jobava,B (2730)-Sasikiran,K (2707) Amsterdam 2012}) 6. Nbd2 {C53: Giuoco Piano sidelines} (6. a4 {looks sharper.} Nf6 7. b4 a6 8. O-O O-O 9. Nbd2) 6... Nge7 $146 ({Predecessor:} 6... Nf6 7. Nf1 O-O 8. Ng3 d6 9. Bb3 Bg4 10. h3 Bd7 11. O-O Re8 12. Re1 Re7 {0-1 (44) Dallemura,J-Luca,I Prague 2016}) 7. Bb3 d5 8. O-O {White has an edge.} O-O ({Better is} 8... Be6 $11) 9. Re1 (9. exd5 $14 Nxd5 10. Nc4) 9... dxe4 10. dxe4 Ng6 11. Nc4 Qf6 12. h3 (12. g3 {keeps more tension.} Rd8 13. Qe2 Bc5 14. Be3 Be7 15. Bc1) 12... Nh4 13. Nxb6 Nxf3+ 14. Qxf3 Qxf3 15. gxf3 axb6 16. Kh2 Be6 {Threatens to win with ...Bxb3.} 17. Be3 Na5 18. f4 Bxb3 19. axb3 Rae8 20. fxe5 Rxe5 21. Bf4 Re7 22. b4 Nc4 23. b3 Nb2 {aiming for ...Nd3.} 24. Bg3 Rd8 25. Reb1 Nd3 $1 26. Rd1 c5 27. bxc5 bxc5 28. Rd2 b5 ({Not} 28... Rxe4 $2 29. Rad1 $18) 29. Ra5 Rb7 30. Ra6 b4 31. cxb4 Rxb4 {[%mdl 64] Double Attack} 32. Rc6 Rd7 33. e5 {[#]} Nxe5 $1 {[%mdl 512]} 34. Rc8+ (34. Bxe5 Rxd2) 34... Kh7 35. Rxd7 Nxd7 $17 {[%mdl 4096] Endgame KRB-KRN} 36. Rc7 Rd4 $1 37. Rc6 Rd3 38. Bd6 Rd5 39. b4 cxb4 40. Bxb4 Ne5 41. Rc5 Rxc5 42. Bxc5 {KB-KN} g5 43. Bd6 Ng6 44. Kg3 h5 45. Bc7 Kg7 46. Bd8 f6 $1 47. Kf3 Kf7 48. Ba5 Ke6 49. Ke4 Ne5 {White must now prevent ...f5+.} 50. Bc3 (50. Bc7 $17 {was necessary.}) 50... f5+ $19 51. Ke3 {intending f4.} Ng6 $1 {[%cal Rg6f4] ...Nf4 is the strong threat.} 52. Kf3 Nf4 (52... g4+ $19 53. Kg3 h4+ 54. Kh2 Nf4 55. hxg4 fxg4) 53. h4 $17 Nd5 54. Bd4 $2 {[%mdl 8192] [#]} (54. Bd2 $17) 54... g4+ $1 $19 55. Kg3 f4+ 56. Kg2 f3+ 57. Kf1 Nf4 58. Be3 Kf5 59. Bd2 Ke4 60. Bc1 Ng6 61. Bg5 Kd3 62. Ke1 Kc2 63. Bf6 Nf4 64. Bg5 Nd3+ 65. Kf1 {[#]} Kd1 $1 {Black mates.} 66. Bf6 Nc5 67. Bd4 Ne4 68. Bb6 Nd2+ 69. Kg1 Ke2 70. Bd4 Ne4 71. Bb6 Nd6 {Accuracy: White = 40%, Black = 80%.} 0-1

[Event "ISR-chT 2020"]
[Site "Israel"]
[Date "2020.01.10"]
[Round "1.27"]
[White "Mindlin, Alon"]
[Black "Pasman, Michael"]
[Result "1-0"]
[WhiteElo "2432"]
[BlackElo "2368"]
[Annotator "TA"]
[PlyCount "81"]
[EventDate "2020.01.10"]
[EventType "team-tourn"]
[EventCountry "ISR"]
[SourceTitle "playchess.com"]
[Source "ChessBase"]
[SourceQuality "1"]

{[%evp 16,81,2,5,19,22,19,8,26,26,26,30,26,26,22,30,30,17,52,43,42,47,46,42,40,37,38,29,30,22,62,64,91,91,137,129,141,135,141,135,170,70,72,74,96,94,96,99,312,312,308,301,328,324,328,304,410,391,551,551,545,545,535,516,583,570,585,580]} 1. d4 Nf6 2. c4 e6 3. Nc3 Bb4 4. e3 d5 5. Bd3 O-O 6. Nf3 b6 7. O-O Bb7 8. cxd5 exd5 9. Qc2 a6 {E52: Nimzo-Indian: Rubinstein: 4...0-0 5 Nf3 d5 6 Bd3 b6} 10. e4 dxe4 11. Nxe4 Nxe4 {The position is equal.} 12. Bxe4 Bxe4 13. Qxe4 Nd7 {[#]} 14. Bg5 $146 ({Predecessor:} 14. Bf4 Nf6 15. Qc6 Bd6 16. Be5 h6 17. Rac1 {1-0 (54) Kovalenko,I (2626)-Miezis,N (2456) Tallinn 2018}) 14... Nf6 15. Qc6 Bd6 16. Rac1 Qd7 17. Bxf6 $1 Qxc6 18. Rxc6 {[#] aiming for Be5.} gxf6 19. Re1 Rfe8 20. Re3 Re6 {Hoping for ...Bxh2+!} 21. Kf1 Rae8 22. Rxe6 Rxe6 $11 {[%mdl 4096] Endgame KRB-KRN} 23. Nh4 Bb4 {[%csl Gb4][%cal Re6e1] [#]} 24. Rc1 $1 Kg7 25. g3 Bd6 26. Rc6 Kf8 27. Nf5 Bf4 28. d5 (28. Rc2 $18 Bd6 29. Kg2) 28... Re5 $14 29. Nh4 Bd2 30. d6 cxd6 31. Rxb6 Rb5 $2 (31... Ra5 $16 {was worth a try.}) 32. Rxb5 $18 ({Less strong is} 32. Rxa6 Ke7 $16) ({Not} 32. Rxd6 Rxb2 33. Nf5 (33. Rxa6 Rb5 $16) 33... Ke8 $16) 32... axb5 {KB-KN} 33. Nf5 d5 34. Ke2 Bc1 35. b3 b4 36. Kd3 Bb2 (36... Ke8 $142 37. Kd4 Bd2 38. Kxd5 Be1) 37. Ne3 {White is clearly winning.} d4 38. Nf5 Ke8 39. Nxd4 Kd7 40. Nc2 Bc3 41. Kc4 {Accuracy: White = 88%, Black = 51%.} 1-0

[Event "ISR-chT 2020"]
[Site "Israel"]
[Date "2020.01.10"]
[Round "1.28"]
[White "Deutsch, Eyal"]
[Black "Grinberg, Eyal"]
[Result "1/2-1/2"]
[WhiteElo "2337"]
[BlackElo "2484"]
[Annotator "TA"]
[PlyCount "82"]
[EventDate "2020.01.10"]
[EventType "team-tourn"]
[EventCountry "ISR"]
[SourceTitle "playchess.com"]
[Source "ChessBase"]
[SourceQuality "1"]

{[%evp 9,82,0,0,0,35,0,0,0,16,-17,0,-7,0,-12,-20,-16,-28,-20,0,-37,-30,-32,-29,-35,-22,-40,-39,-42,-2,-23,-15,-35,-33,-60,-30,-44,-44,-45,-27,-15,-8,-6,3,0,0,0,0,0,0,0,0,0,0,0,0,0,0,0,0,-12,-14,-8,0,-12,0,-24,0,0,0,0,0,0,62,0,20]} 1. e4 c5 2. Nc3 d6 3. Nf3 Nf6 4. e5 dxe5 5. Nxe5 e6 6. g3 {B50: Sicilian: 2...d6, Miscellaneous} (6. Bb5+ Bd7 7. Nxd7 Nbxd7 8. O-O a6 9. Be2 Qc7 10. d4 Bd6 11. g3 cxd4 12. Qxd4 O-O 13. Ne4 Be5 14. Nxf6+ Bxf6 {1-0 (73) Vitiugov,N (2719)-Van Foreest,J (2614) St Petersburg 2018}) 6... Nbd7 (6... Qc7 {is more complex.} 7. Nc4 Bd7 8. Bg2 Bc6 9. O-O Bxg2 10. Kxg2 Be7) 7. Nxd7 (7. Nc4 {is more complex.} Nb6 8. b3 Nxc4 9. bxc4 Bd7 10. Bg2) 7... Bxd7 8. Bg2 Qb6 9. Qe2 $146 ({Predecessor:} 9. O-O Bc6 10. Bf3 Be7 11. d3 Rd8 12. Qe2 O-O {0-1 (27) Eikelboom,B (2188)-Van Delft,M (2320) Dieren 2000}) 9... Be7 10. b3 Bc6 11. Bf3 O-O 12. Bb2 Bxf3 13. Qxf3 Nd7 14. Ne2 Bf6 15. Bxf6 Nxf6 16. O-O Rad8 17. d3 Nd5 18. a3 a5 19. Qe4 Ne7 20. Rfb1 Nc6 21. Qe3 Nd4 22. Nxd4 cxd4 23. Qd2 Rd5 {[%cal Bd8d5,Bd5c5,Bc5c6][%mdl 32]} 24. a4 Qc6 25. b4 axb4 26. Rxb4 h6 27. Rab1 Rc5 28. R1b2 e5 29. Rxb7 Qxa4 30. Qe2 Rfc8 31. Qf3 Qe8 $1 32. Ra7 {[#] Rbb7 is the strong threat.} R5c6 33. Qf5 (33. Qe4 {is interesting.} R8c7 34. Rxc7 Rxc7 35. Rb4 Rc8 36. Rc4) 33... Rf6 ({Much weaker is} 33... Rxc2 $6 34. Rbb7 $16) (33... g6 {seems wilder.} 34. Qf3 R6c7 35. Rxc7 Rxc7 36. Qf6 Kh7) 34. Qd7 Qxd7 35. Rxd7 $11 {[%mdl 4096] Endgame KRR-KRR} Ra8 {With the idea ...Ra1+.} 36. Rdb7 Kh7 37. R7b5 Re8 38. Rc5 e4 39. dxe4 Rxe4 {[#] Strongly threatening ...Re1+.} 40. Kf1 Ra6 ({Black should try} 40... Re3 $11) 41. Rb1 (41. Rb7 $14) 41... Rae6 {Accuracy: White = 51%, Black = 38%.} 1/2-1/2

[Event "ISR-chT 2020"]
[Site "Israel"]
[Date "2020.01.10"]
[Round "1.29"]
[White "Ben Artzi, Ido"]
[Black "Nedobora, Mikhail"]
[Result "0-1"]
[WhiteElo "2388"]
[BlackElo "2360"]
[Annotator "TA"]
[PlyCount "78"]
[EventDate "2020.01.10"]
[EventType "team-tourn"]
[EventCountry "ISR"]
[SourceTitle "playchess.com"]
[Source "ChessBase"]
[SourceQuality "1"]

{[%evp 16,78,25,21,52,49,56,54,82,89,91,70,60,62,75,76,73,30,44,45,67,56,87,72,72,61,75,78,75,74,73,51,81,47,57,0,0,0,69,0,0,-17,0,0,0,-97,-25,-358,0,-6,-16,-555,-552,-554,-552,-545,-535,-666,-648,-588,-525,-556,-610,-668,-666]} 1. d4 f5 2. c4 Nf6 3. g3 e6 4. Bg2 c6 5. Nh3 d5 6. O-O Be7 7. Nd2 O-O 8. Nf3 Ne4 9. Qc2 Bf6 {A91: Classical Dutch: Early Deviations} 10. Nf4 Qe8 11. b3 {[%cal Bb2b3,Bb3b4,Bb4b5][%mdl 32]} Kh8 {White is slightly better.} 12. Ba3 Rg8 13. Ne5 Nd7 14. Nfd3 Nxe5 {[#]} 15. Nxe5 $146 ({Predecessor:} 15. dxe5 Be7 16. Bb2 {1-0 (36) Karpov,A (2696)-Cwiek,M Radom 2000}) 15... Ng5 16. b4 a6 17. Bb2 Rf8 18. a4 Qh5 19. b5 Bxe5 20. dxe5 Bd7 {[%cal Rc6b5]} 21. cxd5 exd5 22. bxc6 Bxc6 23. Ba3 Rf7 24. h4 Ne4 25. e6 (25. e3 $14) 25... Rf6 $1 $11 26. e7 Re8 (26... f4 $11) 27. Bf3 ({White should play} 27. e3 $1 $14) 27... Qg6 28. Kh2 f4 {[%cal Rf4g3]} 29. Bxe4 $1 dxe4 30. Rad1 (30. e3 $1 $11) 30... Qg4 (30... Qf7 $1 $17 31. Qc3 fxg3+ 32. Qxg3 e3 33. Qxe3 Re6) 31. Bd6 $2 {[%mdl 8192] [#]} (31. Bb2 $2 Re6 $19) (31. e3 $1 $11) 31... e3 $2 (31... f3 $1 $19 {( -> ...Bd7)} 32. exf3 exf3) 32. Bxf4 Rxf4 $40 {[%mdl 192] [#] Double Attack. Black is up to no good.} 33. fxe3 $2 {[%mdl 8192]} (33. Rd8 $1 $11 {[%mdl 512]} Bd7 34. Rxe8+ Bxe8 35. gxf4) 33... Rf6 $19 {Black is clearly winning.} 34. Rxf6 gxf6 35. Rd8 {intending Qxc6!} Qe6 36. Qc5 Kg7 {aiming for ...Qe4.} 37. Rxe8 Bxe8 38. a5 Bc6 39. Kg1 {[#]} Qe4 {Played: Qe6-e5} 0-1

[Event "ISR-chT 2020"]
[Site "Israel"]
[Date "2020.01.10"]
[Round "1.30"]
[White "Oratovsky, Michael"]
[Black "Gorshtein, Ido"]
[Result "0-1"]
[WhiteElo "2434"]
[BlackElo "2372"]
[Annotator "RC"]
[PlyCount "60"]
[EventDate "2020.01.10"]
[EventType "team-tourn"]
[EventCountry "ISR"]
[SourceTitle "playchess.com"]
[Source "ChessBase"]
[SourceQuality "1"]
[TimeControl "40/5400+30:1800+30"]

1. e4 {[%emt 0:00:00]} c6 {[%emt 0:00:00]} 2. d4 {[%emt 0:00:19]} d5 {[%emt 0:00:00]} 3. Nd2 {[%emt 0:00:16]} dxe4 {[%emt 0:00:00]} 4. Nxe4 {[%emt 0:00:03]} Nf6 {[%emt 0:00:00]} 5. Nxf6+ {[%emt 0:00:05]} exf6 {[%emt 0:00:00]} 6. c3 {[%emt 0:00:14]} Bd6 {[%emt 0:00:00]} 7. Bd3 {[%emt 0:00:06]} O-O {[%emt 0:00:02]} 8. Ne2 {[%emt 0:00:09]} Re8 {[%emt 0:00:08]} 9. O-O {[%emt 0:00:20]} Qc7 {[%emt 0:02:53]} 10. Ng3 {[%emt 0:12:13]} Nd7 {[%emt 0:03:07]} 11. Nf5 {[%emt 0:12:47]} Nf8 {[%emt 0:15:14]} 12. Nxd6 {[%emt 0:08:18]} Qxd6 {[%emt 0:00:02]} 13. Qf3 {[%emt 0:11:04]} Ng6 {[%emt 0:00:29]} 14. Be3 {[%emt 0:13:55]} Be6 {[%emt 0:00:54]} 15. Rfe1 {[%emt 0:01:26]} Re7 {[%emt 0:06:01]} 16. Qg3 {[%emt 0:11:38]} Qd7 {[%emt 0:00:17]} 17. c4 {[%emt 0:14:01]} Bf5 {[%emt 0:03:35]} 18. Be2 {[%emt 0:04:14]} Rae8 {[%emt 0:01:27]} 19. Red1 {[%emt 0:03:00]} Be4 {[%emt 0:01:33]} 20. Rac1 {[%emt 0:00:43]} Qf5 {[%emt 0:03:24]} 21. d5 {[%emt 0:04:23]} cxd5 {[%emt 0:05:56]} 22. cxd5 {[%emt 0:00:02]} h5 {[%emt 0:14:10]} 23. d6 {[%emt 0:00:41]} Rd7 {[%emt 0:00:51]} 24. Rc5 {[%emt 0:00:50]} Re5 {[%emt 0:01:11]} 25. Rxe5 {[%emt 0:00:58]} fxe5 {[%emt 0:02:25]} 26. Bxa7 {[%emt 0:00:44]} Nf4 {[%emt 0:01:11]} 27. Bf1 {[%emt 0:00:13]} Bxg2 {[%emt 0:00:45]} 28. Be3 {[%emt 0:00:42]} Bxf1 {[%emt 0:00:19]} 29. Kxf1 {[%emt 0:00:05]} Rxd6 {[%emt 0:00:12]} 30. Qf3 {[%emt 0:00:56]} Qh3+ {[%emt 0:00:17]} 0-1

[Event "ISR-chT 2020"]
[Site "Israel"]
[Date "2020.01.10"]
[Round "1.31"]
[White "Rodshtein, Maxim"]
[Black "Zubov, Alexander"]
[Result "1/2-1/2"]
[WhiteElo "2628"]
[BlackElo "2601"]
[Annotator "TA"]
[PlyCount "41"]
[EventDate "2020.01.10"]
[EventType "team-tourn"]
[EventCountry "ISR"]
[SourceTitle "playchess.com"]
[Source "ChessBase"]
[SourceQuality "1"]

{[%evp 9,41,-3,3,1,1,1,1,0,15,0,0,0,20,7,9,7,7,6,10,0,0,0,5,-27,-29,-38,-7,-4,-4,-33,0,-17,0,-7]} 1. c4 c5 2. g3 g6 3. Bg2 Bg7 4. Nc3 Nc6 5. d3 d6 6. Qd2 {A36: Symmetrical English vs ...g6: 4 Bg2 Bg7} e5 7. b3 Nge7 8. Bb2 b6 $146 ({Predecessor:} 8... Be6 9. Nd5 Qd7 10. e3 O-O 11. Ne2 Bh3 12. Bxh3 Qxh3 13. Nec3 Rab8 {0-1 (29) Aronian,L (2772)-Carlsen,M (2870) Kolkata 2019}) 9. h4 h5 10. e3 Bb7 11. Nge2 Qd7 12. O-O-O O-O-O 13. Kb1 Kb8 14. Rc1 Nb4 15. Bxb7 (15. e4 {looks sharper.} f5 16. Rhg1 Nbc6 17. Nd5 Rde8 18. Rge1) 15... Qxb7 16. a3 Nbc6 17. Qc2 f5 18. Nd5 Rhe8 19. f3 Bh6 20. Rcd1 Rc8 {[#] And now ...Nxd5 would win.} 21. Nec3 {Accuracy: White = 51%, Black = 63%.} 1/2-1/2

[Event "ISR-chT 2020"]
[Site "Israel"]
[Date "2020.01.10"]
[Round "1.32"]
[White "Lomasov, Semyon"]
[Black "Postny, Evgeny"]
[Result "1/2-1/2"]
[WhiteElo "2546"]
[BlackElo "2608"]
[Annotator "TA"]
[PlyCount "127"]
[EventDate "2020.01.10"]
[EventType "team-tourn"]
[EventCountry "ISR"]
[SourceTitle "playchess.com"]
[Source "ChessBase"]
[SourceQuality "1"]

{[%evp 15,127,0,0,8,25,0,10,0,9,7,0,13,6,0,7,0,19,-12,0,0,0,0,0,0,0,0,0,-354,-350,-359,-353,-395,-403,-402,-402,-386,-388,-347,-379,-506,-504,-489,-483,-500,-490,-429,-266,-244,-243,-219,-78,-63,0,0,0,0,0,0,0,0,0,0,0,0,0,0,0,0,0,0,0,0,0,0,0,0,0,0,0,0,0,-35,0,0,0,0,0,0,0,0,0,0,0,0,0,0,0,0,0,0,0,0,0,0,0,0,0,0,0,0,0,0,0,0]} 1. e4 e5 2. Nf3 Nc6 3. d4 exd4 4. Nxd4 Bc5 5. Be3 Qf6 6. c3 Nge7 7. Bb5 O-O 8. O-O d6 9. Re1 {C45: Scotch Game} (9. f4 Nxd4 10. cxd4 Bb6 11. Nc3 c6 12. Ba4 Re8 13. Qd3 d5 14. f5 Nxf5 15. Nxd5 cxd5 16. Bxe8 dxe4 17. Qxe4 {1-0 (44) Zhang,Z (2619)-Bologan,V (2654) Doha 2015}) 9... Bb6 10. Nxc6 bxc6 11. Bf1 $146 ({Predecessor:} 11. Bd3 Ng6 12. Nd2 d5 13. Qf3 Qd8 14. Bf1 f5 15. exd5 cxd5 {1-0 (36) Mongeli,S (1499)-Gonzalez,Y (1727) Batumi 2018}) 11... Rb8 {next ...Bxe3 is good for Black.} (11... Ng6 {feels hotter.} 12. Nd2 Ne5 13. Nc4 Rd8 14. Qc2 Be6) 12. Qc2 Ng6 13. Nd2 Ne5 14. Bd4 Be6 15. Be2 Qh6 16. Rf1 Ng6 17. g3 Bh3 18. Rfe1 f5 19. Bxb6 axb6 20. exf5 Bxf5 21. Bd3 $2 {[%mdl 8192]} (21. Qb3+ $11 {and White has nothing to worry.} d5 22. Qd1) 21... Bxd3 $19 22. Qxd3 {[#]} Rxf2 $3 {[%csl Gf2][%cal Rh6h2][%mdl 512]} 23. Nf3 (23. Kxf2 Qxh2+) 23... Rf8 24. Kxf2 Qxh2+ $1 25. Ke3 Qxg3 26. Kd2 Rxf3 27. Qc4+ d5 28. Qa6 h5 29. Kc2 Ne5 {And now ...Rf2+ would win.} 30. Rad1 Nc4 31. Qc8+ {[#]} Kh7 $1 ({But not} 31... Rf8 32. Qe6+ Kh7 33. Re2 $17) 32. Qe8 Ne3+ (32... Qg4 $19 {has better winning chances.} 33. Re2 Nd6) 33. Kb3 $17 Nxd1 (33... Qg5 $15 34. Rd3 Nc4 35. Rxf3 Nd2+ {[%mdl 64] Double Attack} 36. Ka3 Nxf3) 34. Qxh5+ $11 Kg8 {[%cal Rf3c3] ( -> ...Rxc3+!)} 35. Qe8+ {[%mdl 64] Double Attack} Rf8 36. Qe6+ Rf7 37. Qe8+ Kh7 {Strongly threatening ...Qf3.} 38. Rh1+ Kg6 {aiming for ...Ne3.} 39. Rxd1 {[%mdl 4096] Endgame Threatens to win with Rf1. KQR-KQR} Qf3 40. Qxc6+ Kh7 41. Rd4 Rf4 42. Rxf4 Qxf4 43. Qxd5 {KQ-KQ} g5 44. Qd7+ Kh6 45. Qe6+ Kh5 46. Qh3+ Kg6 47. Qe6+ Qf6 48. Qg8+ Kh6 49. a4 {The position is equal.} Qe5 50. Qc8 Kh5 51. Qh3+ Kg6 52. Qd3+ Kf6 53. Qf3+ Qf5 54. Qc6+ Qe6+ 55. Qxe6+ Kxe6 {K3P-K3P} 56. Kc2 c5 57. b4 cxb4 58. cxb4 {KPP-KPP} Kd5 59. Kd3 g4 60. a5 bxa5 61. bxa5 Kc5 62. Ke3 Kb5 63. Kf4 Kxa5 64. Kxg4 {Accuracy: White = 79%, Black = 63%.} 1/2-1/2

[Event "ISR-chT 2020"]
[Site "Israel"]
[Date "2020.01.10"]
[Round "1.33"]
[White "Roiz, Michael"]
[Black "Bykhovsky, Avigdor"]
[Result "1/2-1/2"]
[WhiteElo "2598"]
[BlackElo "2403"]
[Annotator "TA"]
[PlyCount "67"]
[EventDate "2020.01.10"]
[EventType "team-tourn"]
[EventCountry "ISR"]
[SourceTitle "playchess.com"]
[Source "ChessBase"]
[SourceQuality "1"]

{[%evp 16,67,22,16,25,25,29,18,27,22,35,18,22,14,28,25,39,22,19,12,10,0,0,0,17,10,18,22,12,0,0,0,0,0,21,24,56,56,57,49,56,52,116,115,120,68,79,50,51,51,60,60,54,54]} 1. Nf3 Nf6 2. c4 c6 3. g3 d5 4. Bg2 g6 5. b3 Bg7 6. Bb2 O-O 7. O-O Bg4 8. d3 Bxf3 9. Bxf3 Nbd7 {A11: English Opening: 1...c6} (9... e6 10. Nd2 Nbd7 11. Qc2 a5 12. a3 Qe7 13. Bg2 Rfd8 14. e3 Ne8 15. d4 b5 16. a4 b4 17. Rac1 Nd6 18. Rfd1 Rac8 19. Qd3 {½-½ (30) Grischuk,A (2771)-Kamsky,G (2666) St Petersburg 2018}) 10. e3 Re8 $146 ({Predecessor:} 10... e6 11. Bg2 a5 12. Nc3 Re8 13. Qe2 Qe7 14. Rfd1 h5 15. Rac1 dxc4 16. bxc4 e5 17. Rb1 {1-0 (33) Hillarp Persson,T (2546)-Mihajlov,S (2358) London 2018}) 11. Nc3 {[%cal Bb1c3,Bc3e2,Be2f4][%mdl 32]} e6 {The position is equal.} 12. Rc1 a6 13. Rc2 h5 14. Ne2 Nh7 {[#] White must now prevent ...Bxb2.} 15. d4 h4 16. Nf4 dxc4 17. bxc4 e5 18. dxe5 Nxe5 19. Bg2 Qxd1 20. Rxd1 hxg3 21. hxg3 Rad8 22. Rxd8 Rxd8 23. Kf1 Nf8 24. Ke2 Nfd7 25. Bd4 b6 26. a4 a5 27. Nh3 Rc8 28. Ng5 Nc5 (28... Ng4 $14) 29. Bxc5 $1 $16 bxc5 {[#]} 30. Ne4 ({White should try} 30. f4 $1 $16 {[%cal Rf4e5]} Nd7 31. Bh3) 30... Nd7 $14 31. Rd2 Nb6 {White is slightly better.} 32. Nxc5 Nxc4 33. Rd7 Bf8 34. Nd3 {Accuracy: White = 59%, Black = 49%.} 1/2-1/2